000 00704nam a22001935i 4500
001 159676
003 ES-MaACL
005 20230906211727.0
008 040917s1891 sp |||| | spa d
040 _aCAM
_bspa
_cCAM
100 1 _aMillé, Andrés.
_9129937
245 1 0 _aCartilla agrícola para el cultivo del ramié
_b: [con beves notas para su aplicación a la industria] /
_cAndrés Millé.
260 _aAlmería :
_b[s.n.],
_c1891.
300 _a31 p. :
_bil. ;
_c21 cm.
594 _aSubtít. tomado de la cub.
650 4 _aRamio.
_9136803
650 0 4 _aPlantas textiles.
_9136709
852 _aES-MaACL
_jT-677-F-3
_z-- Enc. hol., conservando la cub. original
_z-- Enc. en un vol. facticio
999 _c159676
_d159676